| 000 | 01366cad a22002655a 4500 | ||
|---|---|---|---|
| 001 | L152296 | ||
| 008 | 110218s2011 xxk f 000 0 eng d | ||
| 020 | _a1903496616 | ||
| 035 | _a(Sirsi) u152296 | ||
| 041 | 0 | _aeng | |
| 110 | 2 |
_aThe Royal Academy of Engineering _95917 |
|
| 245 | 0 | 0 |
_aInfrastructure, engineering and climate change adaptation _bensuring services in an uncertain future _h[electronic resource] |
| 260 |
_a[S.l.] _bRAE _c2011 |
||
| 520 | _aExamines vulnerabilities in different sectors of the national infrastructure to the effects of climate change and the changes necessary to increase resilience. Includes the impacts of efforts towards climate change mitigation and changes in behaviour and demographics. This study is an activity of the Engineering the Future partnership carried out on behalf of DEFRA. | ||
| 590 | _aKA NTK | ||
| 651 | 4 | _aUnited Kingdom | |
| 690 | _aENVIRONMENT AND LAND CONSULTANCY-PLANNING AND DEVELOPMENT | ||
| 710 | 1 |
_aInstitution of Chemical Engineers _91773 |
|
| 710 | 1 | _aInstitution of Engineering and Technology | |
| 710 | 1 |
_aInstitution of Mechanical Engineers _9549 |
|
| 710 | 1 | _aDEFRA | |
| 710 | 1 | _aEngineering the Future Partnership | |
| 856 | 4 | 0 |
_uhttps://www.raeng.org.uk/news/publications/list/reports/Engineering_the_future_2011.pdf _zView the item free of charge at www.raeng.org.uk |
| 942 | _n0 | ||
| 999 |
_c111974 _d111974 |
||